| 000 | 00888nam a22003017a 4500 | ||
|---|---|---|---|
| 003 | CHAP | ||
| 005 | 20220329135758.0 | ||
| 008 | 971013s1910 r 00010 d | ||
| 010 | _a41942 | ||
| 011 | _a42914 | ||
| 035 | _a47044 | ||
| 040 | _cCHAP | ||
| 090 | _aFolleto 8158 | ||
| 100 | 0 | 0 |
_aFourton, Leon. _942776 |
| 245 | _aToma de las muestras de forraje | ||
| 260 |
_aMéxico, D.F. : _bEstación Agrícola Central, _c1910 |
||
| 300 | _a5 p. | ||
| 490 |
_aCircular CIASE _v; 30 |
||
| 590 |
_aBATCH-UPD _b10 _c20130110 _lUCH01 _h2049 |
||
| 590 |
_aBATCH-UPD _b10 _c20130410 _lUCH01 _h1402 |
||
| 590 |
_aBATCH-UPD _b10 _c20130914 _lUCH01 _h0940 |
||
| 590 |
_aCONVERSION _b10 _c20130109 _lUCH01 _h1323 |
||
| 650 | 1 | 4 |
_aForrajes _xAnálisis. _942555 |
| 830 | 0 |
_aCircular CIASE _v; 30 _923374 |
|
| 901 | _aBK | ||
| 942 | _cFOLL | ||
| 949 |
_aFolleto 8158 _bBC _cBPP _d-107059 _eBPP _i47044 _mD _si |
||
| 999 |
_c41942 _d41942 |
||